00572nai a2200157Ia 4500003000900000008004100009022002200050040001600072245006800088260001300156310001400169362002500183521006900208650004400277856009300321IN-BaIIA211028c9999 xx s 000 0 eng d a2096-3564 (Print) cIIA Library 0aCES Transactions on Electrical Machines and Systemsh[eJournal] aUSAbCES aQuarterly a1(1); 2017 - Present bSubscribed through National Knowledge Resource Consortium (NKRC) aPower, Energy and Industry Applications uhttps://ieeexplore.ieee.org/servlet/opac?punumber=7873789yClick Here to Access eJournal